Star Wars Spelling Test Quiz Stats

 Plays Quiz Updated Dec 15, 2017

Score 0/20 Timer 05:00
0 Plays Today
Question Answer Wrong Answers
... Poe Dameron
94%
Doe Pameron
5.2%
... lightsaber
90.2%
litesaber
1.5%
litesaver
0.4%
lightsaver
0.9%
... C-3PO
86.5%
C-3P0
13.4%
... Grand Moff Tarkin
84.5%
Grand Moff Tarken
13.2%
... Count Dooku
82%
Count Dookoo
3.9%
Count Dukoo
3.6%
Count Duku
5.8%
... Dagobah
79.3%
Dagoba
10.1%
Dagaba
2.2%
Dagabah
4.6%
... Kessel run
79.2%
Kessle run
13.5%
... Lando Calrissian
78%
Lando Calrision
2.8%
Lando Calrissien
6.3%
Lando Calrission
6.4%
... Tauntaun
72.1%
Tonton
9.4%
Tawntawn
4.6%
Tantan
8%
... midi-chlorian
64.5%
mida-clorien
5.5%
midi-clorian
16.1%
midi-clorion
7%
... Padmé Amidala
63.2%
Padmé Amadala
16.6%
Padmé Amedala
15.9%
... Tatooine
62.7%
Tattooine
33.3%
Tatooin
1.3%
Tattooin
1.3%
... Admiral Ackbar
60.3%
Admiral Akbar
23.4%
Admiral Acbar
1.2%
It's a trap!
7.8%
... Darth Plagueis
52.5%
Darth Pelagius
13.6%
Darth Plagius
24.6%
Darth Plagies
2.6%
... Tusken Raider
51.7%
Tuskan Raider
19.4%
Tuscan Raider
13.3%
Tuskin Raider
10.4%
... Wookiee
48.4%
Wookiiee
3.5%
Wookie
39.1%
RAWRR!
2%
... Millennium Falcon
47.7%
Millenium Falcon
28.2%
Milennium Falcon
15.3%
Milenium Falcon
1.7%
... Nute Gunray
46.5%
Neut Gunray
8.5%
Newt Gunray
25.8%
Noot Gunray
13%
... Kashyyyk
43.4%
Kashyyk
40.3%
Kashyk
10.7%
... Sarlacc
32.4%
Sarlaac
33.1%
Sarlac
17.8%
Sarlak
13.8%

You're not logged in!

Compare scores with friends on all Sporcle quizzes.
OR
Log In

You Might Also Like...

Show Comments

Extras

Top Quizzes Today


Score Distribution

Your Account Isn't Verified!

In order to create a playlist on Sporcle, you need to verify the email address you used during registration. Go to your Sporcle Settings to finish the process.

Report this User

Report this user for behavior that violates our Community Guidelines.

Details: